Die öffentliche Hinrichtung - ein "Theater des Schreckens"?

Der Vergleich frühneuzeitlicher öffentlicher Hinrichtungen mit Theatervorstellungen ist aufgrund der frappierenden strukturellen Ähnlichkeit von klassischer Tragödie und vorrevolutionärer Strafvollstreckung als durchaus berechtigt zu bezeichnen. Darüber hinaus streben Strafvollzug wie Tragödie danac...

Full description

Saved in:  
Bibliographic Details
Main Author: Martschukat, Jürgen 1965- (Author)
Format: Print Article
Language:German
Published: 1995
In: Kriminologisches Journal
Year: 1995, Volume: 27, Issue: 3, Pages: 186-208
Check availability: HBZ Gateway
Keywords:

MARC

LEADER 00000caa a2200000 c 4500
001 1662280319
003 DE-627
005 20260227095532.0
007 tu
008 071204s1995 xx ||||| 00| ||ger c
035 |a (DE-627)1662280319 
035 |a (DE-576)274780321 
035 |a (DE-599)BSZ274780321 
040 |a DE-627  |b ger  |c DE-627  |e rakwb 
041 |a ger 
100 1 |a Martschukat, Jürgen  |d 1965-  |e VerfasserIn  |0 (DE-588)124205739  |0 (DE-627)085706442  |0 (DE-576)17497583X  |4 aut 
109 |a Martschukat, Jürgen 1965-  |a Martschukat, Jürgen Algimantas 1965- 
245 1 4 |a Die öffentliche Hinrichtung - ein "Theater des Schreckens"?  |c Jürgen Martschukat 
264 1 |c 1995 
300 |b Illustration 
336 |a Text  |b txt  |2 rdacontent 
337 |a ohne Hilfsmittel zu benutzen  |b n  |2 rdamedia 
338 |a Band  |b nc  |2 rdacarrier 
500 |a Literaturverzeichnis: Seite 205-208 
520 |a Der Vergleich frühneuzeitlicher öffentlicher Hinrichtungen mit Theatervorstellungen ist aufgrund der frappierenden strukturellen Ähnlichkeit von klassischer Tragödie und vorrevolutionärer Strafvollstreckung als durchaus berechtigt zu bezeichnen. Darüber hinaus streben Strafvollzug wie Tragödie danach, eine kathartische Wirkung beim Publikum hervorzurufen. Die obrigkeitliche Zielsetzung ist bislang auch von der historischen Forschung weitgehend in den Vordergrund gestellt worden, wodurch die öffentliche Hinrichtung zumeist als erfolgreiches Instrument der Herrschaftssicherung interpretiert wurde. Doch gerade deren Vergleich mit der Tragödie macht es möglich, mit Hilfe von Erwägungen zur Katharsishypothese sowie mit dramen- und kommunikationstheoretischen Ansätzen das Publikum in das Zentrum der Untersuchung zu rücken und auf der Basis verschiedener historischer Beispiele die reinigende und herrschaftsstabilisierende Wirkung des„ Theatrum Poenarum" anzuzweifeln. 
520 |a The comparison of early-modern public executions and theatre-productions is justified because of their close structural similarity. Furtheron both try to achieve a catharsis among the crowd. So far historical literature has mostly concentrated on the intention of the authorities and interpreted the public executions as successful means to establish and stabilize power-relations. But especially the comparison with the tragedy leads with the help of theories of catharsis, drama and communication to doubts concerning the power-stabilizing and -establishing effects of the "theatrum poenarum". 
773 0 8 |i Enthalten in  |t Kriminologisches Journal  |d Weinheim : Beltz Juventa, 1969  |g 27(1995), 3, Seite 186-208  |w (DE-627)130092207  |w (DE-600)500591-7  |w (DE-576)018208223  |x 0341-1966  |7 nnas 
773 1 8 |g volume:27  |g year:1995  |g number:3  |g pages:186-208 
889 |w (DE-627)211724181 
935 |a mkri 
935 |i mdedup 
951 |a AR 
ELC |b 1 
LOK |0 000 xxxxxcx a22 zn 4500 
LOK |0 001 3416130901 
LOK |0 003 DE-627 
LOK |0 004 1662280319 
LOK |0 005 20250815134422 
LOK |0 008 160208||||||||||||||||ger||||||| 
LOK |0 040   |a DE-21-110  |c DE-627  |d DE-21-110 
LOK |0 689   |a s  |a Todesstrafe 
LOK |0 689   |a s  |a Abschreckung 
LOK |0 852   |a DE-21-110 
LOK |0 852 1  |m p  |9 00 
LOK |0 935   |a k110 
LOK |0 938   |k p 
LOK |0 939   |a 08-02-16  |b l01 
ORI |a WA-MARC-krimdoka001.raw